The Book of Mormon : Another Testament of Jesus Christ. (Record no. 3436)

MARC details
005 - DATE AND TIME OF LATEST TRANSACTION
control field 20250607120650.0
082 ## - DEWEY DECIMAL CLASSIFICATION NUMBER
Classification number REF 225 SMI
245 ## - TITLE STATEMENT
Title The Book of Mormon : Another Testament of Jesus Christ.
260 ## - PUBLICATION, DISTRIBUTION, ETC.
Place of publication, distribution, etc. USA,
Name of publisher, distributor, etc. The Church of Jesus Christ,
Date of publication, distribution, etc. 1981.
300 ## - PHYSICAL DESCRIPTION
Extent 779p.: ill.; picture
Other physical details Index
Dimensions 17cm
700 ## - ADDED ENTRY--PERSONAL NAME
Other authors/Editors SMITH, J.
942 ## - ADDED ENTRY ELEMENTS (KOHA)
Source of classification or shelving scheme Dewey Decimal Classification
Koha item type Books
Holdings
Date last seen Total checkouts Full call number Barcode Cost, replacement price Price effective from Koha item type Lost status Source of classification or shelving scheme Damaged status Not for loan Withdrawn status Home library Current library Shelving location Date acquired Cost, normal purchase price
06/07/2025   REF 225 SMI 00000011576 30000.00 06/07/2025 Books   Dewey Decimal Classification       College of Business Education Main Library College of Business Education Main Library Reference Collection 06/07/1983 10000.00